Countries with the most people of Spanish descent - Statistics

General Stats
  • This quiz has been taken 64 times
  • The average score is 13 of 15
Answer Stats
Answer % Correct
1 Argentina
94%
12 Chile
94%
15 Colombia
94%
8 Mexico
94%
2 France
92%
9 United States
92%
3 Venezuela
92%
4 United Kingdom
91%
5 Germany
89%
7 Cuba
87%
6 Brazil
83%
11 Uruguay
81%
14 Ecuador
79%
13 Belgium
53%
10 Switzerland
42%
No matching quizzes found
Score Distribution
Percent of People with Each Score
Percentile by Number Answered
Your Score History
You have not taken this quiz